000 00623nam a22001937a 4500
003 ASAB
005 20180827062821.0
008 180315t xxu||||| |||| 00| 0 eng d
040 _cASAB
082 _aThesis 2016 FJ
100 _aFaiza Jabbar-sup-Dr. Muhammad Qasim
_93558
245 _aTH-MS-Bactericidal and cytotoxic evaluation of Allium Cepa L. Root Extracts and their nanoparticles
_cFaiza Jabbar-sup-Dr. Muhammad Qasim
250 _a2016
260 _aIslamabad.
_bASAB NUST Islamabad.
_c2016
300 _axii,85 P.
630 _aPlant Biotechnology
_93559
630 _aAllium Cepa L
_93560
942 _2ddc
_cTH
999 _c480749
_d480749